| 000 | 00581nam a2200229 a 4500 | ||
|---|---|---|---|
| 001 | nice12345678 | ||
| 003 | IN_TiNIC | ||
| 005 | 20260116011306.0 | ||
| 008 | 050524s1881 beia grs 000 0 03g | ||
| 020 |
_a _c100 |
||
| 082 | 0 | 0 |
_a207.11 _bASS |
| 245 | _aSharh-Ul-Mithalat | ||
| 260 |
_aBeirut _bAmerican Sunday School Union _c1881 |
||
| 300 | _a383p | ||
| 500 | _aincludes index and biblioraphy | ||
| 505 | 2 | _aNotes, Bibliography, Index | |
| 650 | _aTheological-Seminaries | ||
| 710 | 2 | _aAmerican Sunday School Union | |
| 902 | _bSRS | ||
| 942 | _cPS | ||
| 999 |
_c223 _d223 |
||